|
|
|
|
| LEADER |
00000nam a2200000 a 4500 |
| 001 |
vtls001428234 |
| 003 |
SK-MaSNL |
| 005 |
20260301162558.0 |
| 008 |
240226s2000 DE a r ger |
| 020 |
|
|
|a 3928044702
|
| 035 |
|
|
|a SNK000383227
|
| 035 |
|
|
|a urn:nbn:sk:snk-amyeud
|
| 035 |
|
|
|a urn:nbn:sk:snk-am00chay
|
| 035 |
|
|
|a B20776CF-36A7-4717-969A-DCC5CE2E08EC
|
| 040 |
|
|
|a SNK
|b slo
|c SNK
|e AACR2
|
| 041 |
0 |
|
|a ger
|
| 044 |
|
|
|a DE
|
| 080 |
|
|
|a 688.727.9(084.12)
|2 1981
|
| 245 |
0 |
4 |
|a Das grosse Lego Buch
|c [Redaktion David Pickering, Nick Turpin, Caryn Jenner ; Fotografie Andy Crawford, Erik Andreson ; aus dem Englishen von Christine Amman und Rolf Polander]
|
| 260 |
|
|
|a Stuttgart [etc.]
|b Dorling Kindersley
|c c2000
|e [Martin]
|f Neografia
|
| 300 |
|
|
|a 124 s.
|b fareb. ilustr.
|c 31 cm
|
| 500 |
|
|
|a Ein Dorling Kindersley Buch
|
| 500 |
|
|
|a Údaje o red., fotogr. a prekl. prevzaté z front.
|
| 650 |
0 |
7 |
|a Lego (stavebnica)
|x knihy pre deti ilustrované
|2 SNK
|9 527336
|
| 700 |
1 |
|
|a Crawford, Andy
|4 pht
|9 43217
|
| 700 |
1 |
|
|a Andreson, Erik
|4 pht
|9 401645
|
| 700 |
1 |
|
|a Amman, Christine
|4 trl
|9 527337
|
| 700 |
1 |
|
|a Polander, Rolf
|4 trl
|9 527338
|
| 700 |
1 |
|
|a Pickering, David
|4 adp
|9 294774
|
| 700 |
1 |
|
|a Turpin, Nick
|4 adp
|9 294775
|
| 700 |
1 |
|
|a Jenner, Caryn
|4 adp
|9 294776
|
| 919 |
|
|
|a 3-928044-70-2
|
| 958 |
|
|
|a OND
|
| 999 |
|
|
|c 813745
|d 815675
|
| 952 |
|
|
|t P60, <03>, [BOOK], {603}
|a SNK
|b SNK
|y PREZ
|7 0
|p 17A0328656
|o snkSB 64430
|i snkKSP 1386/2002
|0 0
|1 0
|4 0
|d 2002-01-31
|f 1
|l 0
|r 2025-04-14 00:00:00
|w 2026-02-24
|
| 952 |
|
|
|t P60, <04>, [BOOK], {604}
|a SNK
|b SNK
|y VYP
|7 0
|p 17A0361911
|o snkSB 64430 D1
|i snkKSP 13544/2002
|0 0
|1 0
|4 0
|d 2002-11-06
|l 0
|r 2005-01-02 00:00:00
|w 2026-02-24
|